|
|
|
|
| LEADER |
00000nam a2200000 i 4500 |
| 001 |
1/63191 |
| 008 |
930923s eng d |
| 020 |
|
|
|a 0-8133-7821-4
|
| 035 |
|
|
|a ΛΕΣΒΟΣb10001169
|l 10001169
|
| 040 |
|
|
|a GR-MY-UA
|b gre
|e aacr
|
| 041 |
0 |
|
|a eng
|
| 082 |
0 |
|
|a 306.3
|
| 245 |
1 |
0 |
|a Risk and uncertainty in tribal and peasant economies /
|c Edited by Elizabeth Cashdan
|
| 260 |
|
|
|a Boulder :
|b Westview,
|c 1990
|
| 300 |
|
|
|a 342 p.
|
| 504 |
|
|
|a Includes bibliographical references
|
| 650 |
0 |
0 |
|a Economic anthropology.
|
| 650 |
0 |
0 |
|a Risk management
|x Cross-cultural studies.
|
| 650 |
0 |
0 |
|a Risk perception
|x Cross-cultural studies.
|
| 650 |
0 |
0 |
|a Scarcity
|x Social aspects
|x Cross-cultural studies.
|
| 700 |
1 |
|
|a Cashdan, Elizabeth A.
|4 edt
|
| 852 |
|
|
|a INST
|b LESVOS
|e 19930923
|h 306.3 RIS
|p 005100004791
|q 005100004791
|t BK
|y 0
|
| 909 |
|
|
|a Λ
|b 018260
|